000 00562cam a2200229ua 4500
020 _c16.00
041 _amal
_h
082 _a537
_bRAM/KA
100 _aRama Varma, .
245 _aKanthathayum vaidyuthiyum /
_cRama Varma.
_hTextual Documents
250 _a1 /
_b.
260 _aThiruvananthapuram :
_bState Instititute of Languages ,
_c1974.
300 _a528 ; .
365 _a16.00
504 _a
942 _cBK
999 _c6212
_d6212